| 000 | 00444nam a2200169Ia 4500 | ||
|---|---|---|---|
| 008 | 230917s9999||||xx |||||||||||||| ||und|| | ||
| 020 | _cRS1000 | ||
| 040 |
_e228144 _aMAIN |
||
| 041 | _aEnglish | ||
| 082 | _a362.28 P24M | ||
| 100 | _aParmar,J B | ||
| 245 | 0 | _aManovaigyanik dabav evam aatmahatya | |
| 260 |
_aJaipur _bRawat Prakashan _c2015 |
||
| 300 | _a232 p. | ||
| 500 | _a2104 04/09/2015 PBA15/255 04/09/2015 Main Budget | ||
| 942 | _cBK | ||
| 999 |
_c15925 _d15925 |
||